000 00527nam a2200181 a 4500
001 BRCA_2890
005 20190320204022.0
008 111208s1925----mx-a---###---#000-0#spa-u
050 4 _aF1386
_b.G35 1925
100 1 _aGalindo y Villa, Jesus
_d1867-1937
_98054
245 1 0 _aHistoria sumaria de la Ciudad de México
_cJesus Galindo y Villa.
260 _aMéxico
_bCultura
_c1925
300 _a256 p.
_bil., 64 láminas
_c19 cm.
500 _aB29
651 4 _aMéxico (Ciudad)
_xHistoria
_95378
902 _aGFM
942 _2lcc
_cB
999 _c2629
_d2629